Pokémon move endings - Statistics

General Stats
  • This quiz has been taken 76 times
  • The average score is 243 of 384
Answer Stats
___ Chop Type Move % Correct
___ Claw(s) Dragon Dragon Claw
97%
___ Dance Dragon Dragon Dance
97%
___ Hammer Dragon Dragon Hammer
97%
___ Pulse Dragon Dragon Pulse
97%
___ Rage Dragon Dragon Rage
97%
___ Rush Dragon Dragon Rush
97%
___ Tail Dragon Dragon Tail
97%
___ Bomb Ground Mud Bomb
97%
___ Shot Ground Mud Shot
97%
___ Slap Ground Mud-Slap
97%
___ Beam Steel Steel Beam
97%
___ Wing Steel Steel Wing
97%
___ Fang(s) Electric Thunder Fang
97%
___ Punch Electric Thunder Punch
97%
___ Shock Electric Thunder Shock
97%
___ Wave(s) Electric Thunder Wave
97%
___ Cutter Flying Air Cutter
94%
___ Slash Flying Air Slash
94%
___ Pulse Dark Dark Pulse
94%
___ Ball Electric Electro Ball
94%
___ Shot Electric Electro Shot
94%
___ Web Electric Electroweb
94%
___ Blast Fire Fire Blast
94%
___ Fang(s) Fire Fire Fang
94%
___ Pledge Fire Fire Pledge
94%
___ Punch Fire Fire Punch
94%
___ Spin Fire Fire Spin
94%
___ Attack Normal Fury Attack
94%
___ Cutter Bug Fury Cutter
94%
___ Swipe(s) Normal Fury Swipes
94%
___ Ball Fire G-Max Fireball
94%
___ Ball Ice Ice Ball
94%
___ Beam Ice Ice Beam
94%
___ Fang(s) Ice Ice Fang
94%
___ Hammer Ice Ice Hammer
94%
___ Punch Ice Ice Punch
94%
___ Fang(s) Poison Poison Fang
94%
___ Powder Poison Poison Powder
94%
___ Tail Poison Poison Tail
94%
___ Attack Normal Tri Attack
94%
___ Trick Psychic Trick
94%
___ Room Psychic Trick Room
94%
___ Fall Water Waterfall
94%
___ Pledge Water Water Pledge
94%
___ Pulse Water Water Pulse
94%
___ Cutter Water Aqua Cutter
91%
___ Tail Water Aqua Tail
91%
___ Chop Dragon Dual Chop
91%
___ Terrain Electric Electric Terrain
91%
___ Burst Fire Flame Burst
91%
___ Charge Fire Flame Charge
91%
___ Pledge Grass Grass Pledge
91%
___ Slam Steel Heavy Slam
91%
___ Fall Rock Max Rockfall
91%
___ Beam Psychic Psybeam
91%
___ Blade(s) Psychic Psyblade
91%
___ Fang(s) Psychic Psychic Fangs
91%
___ Terrain Psychic Psychic Terrain
91%
___ Up Normal Psych Up
91%
___ Shock Psychic Psyshock
91%
___ Strike(s) Psychic Psystrike
91%
___ Wave(s) Psychic Psywave
91%
___ Blast Rock Rock Blast
91%
___ Smash Fighting Rock Smash
91%
___ Throw Rock Rock Throw
91%
___ Ball Ghost Shadow Ball
91%
___ Claw(s) Ghost Shadow Claw
91%
___ Force Ghost Shadow Force
91%
___ Punch Ghost Shadow Punch
91%
___ Kick Fighting Double Kick
88%
___ Shock Electric Double Shock
88%
___ Slap Normal Double Slap
88%
___ Lock Fairy Fairy Lock
88%
___ Wind Fairy Fairy Wind
88%
___ Blast Ground G-Max Sandblast
88%
___ Terrain Grass Grassy Terrain
88%
___ Block Psychic Heal Block
88%
___ Order Bug Heal Order
88%
___ Pulse Psychic Heal Pulse
88%
___ Roar Normal Roar
88%
___ Attack Ground Sand Attack
88%
___ Storm Rock Sandstorm
88%
___ Bomb Grass Seed Bomb
88%
___ Flare Grass Seed Flare
88%
___ Slam Normal Slam
88%
___ Shot Bug String Shot
88%
___ Order Bug Attack Order
85%
___ Cannon Water Hydro Cannon
85%
___ Beam Normal Hyper Beam
85%
___ Fang(s) Normal Hyper Fang
85%
___ Voice Normal Hyper Voice
85%
___ Tail Steel Iron Tail
85%
___ Kick Normal Mega Kick
85%
___ Punch Normal Mega Punch
85%
___ Burst Steel Metal Burst
85%
___ Claw(s) Steel Metal Claw
85%
___ Slash Dark Night Slash
85%
___ Split Psychic Power Split
85%
___ Swap Psychic Power Swap
85%
___ Trick Psychic Power Trick
85%
___ Whip Grass Power Whip
85%
___ Rage Normal Rage
85%
___ Powder Bug Rage Powder
85%
___ Slash Normal Slash
85%
___ Kiss Fairy Sweet Kiss
85%
___ Tackle Normal Tackle
85%
___ Charge Electric Charge
82%
___ Beam Electric Charge Beam
82%
___ Order Bug Defend Order
82%
___ Shot Poison Gunk Shot
82%
___ Wind Ice Icy Wind
82%
___ Kiss Normal Lovely Kiss
82%
___ Powder Psychic Magic Powder
82%
___ Room Psychic Magic Room
82%
___ Ball Psychic Mist Ball
82%
___ Spin Normal Rapid Spin
82%
___ Bomb Poison Sludge Bomb
82%
___ Wave(s) Poison Sludge Wave
82%
___ Fang(s) Normal Super Fang
82%
___ Power Fighting Superpower
82%
___ Slap Normal Tail Slap
82%
___ Whip Normal Tail Whip
82%
___ Wind Flying Tailwind
82%
___ Hammer Grass Wood Hammer
82%
___ Acid Poison Acid
79%
___ Punch Steel Bullet Punch
79%
___ Seed Grass Bullet Seed
79%
___ Punch Fighting Drain Punch
79%
___ Acid Poison Gastro Acid
79%
___ Crash Fire Heat Crash
79%
___ Wave(s) Fire Heat Wave
79%
___ Chop Fighting Karate Chop
79%
___ Blade(s) Grass Leaf Blade
79%
___ Storm Grass Leaf Storm
79%
___ Terrain Fairy Misty Terrain
79%
___ Force Ghost Phantom Force
79%
___ Attack Flying Sky Attack
79%
___ Web Bug Sticky Web
79%
___ Kick Fire Blaze Kick
76%
___ Press Fighting Body Press
76%
___ Slam Normal Body Slam
76%
___ Chop Fighting Cross Chop
76%
___ Power Ground Earth Power
76%
___ Bomb Normal Egg Bomb
76%
___ Cannon Steel Flash Cannon
76%
___ Shock Electric G-Max Stun Shock
76%
___ Crash Electric G-Max Volt Crash
76%
___ Split Psychic Guard Split
76%
___ Swap Psychic Guard Swap
76%
___ Leaf Grass Magical Leaf
76%
___ Torque Fairy Magical Torque
76%
___ Song Normal Perish Song
76%
___ Dance Bug Quiver Dance
76%
___ Leaf Grass Razor Leaf
76%
___ Wind Normal Razor Wind
76%
___ Wind Bug Silver Wind
76%
___ Powder Grass Sleep Powder
76%
___ Spore Grass Spore
76%
___ Spore Grass Stun Spore
76%
___ Tackle Electric Volt Tackle
76%
___ Cannon Electric Zap Cannon
76%
___ Shield Fairy Flower Shield
73%
___ Trick Grass Flower Trick
73%
___ Shock Ice Freeze Shock
73%
___ Arm Fighting Hammer Arm
73%
___ Kick Fighting High Jump Kick
73%
___ Crash Ice Icicle Crash
73%
___ Seed Grass Leech Seed
73%
___ Split Normal Pain Split
73%
___ Dance Grass Petal Dance
73%
___ Attack Normal Quick Attack
73%
___ Guard Fighting Quick Guard
73%
___ Swap Psychic Skill Swap
73%
___ Web Bug Spider Web
73%
___ Attack Flying Wing Attack
73%
___ Block Normal Block
70%
___ Beam Water Bubble Beam
70%
___ Dance Flying Feather Dance
70%
___ Dance Fire Fiery Dance
70%
___ Flare Fire Fusion Flare
70%
___ Punch Fighting Mach Punch
70%
___ Bomb Steel Magnet Bomb
70%
___ Roar Normal Noble Roar
70%
___ Powder Bug Powder
70%
___ Down Normal Take Down
70%
___ Chop Dark Throat Chop
70%
___ Kick Fighting Triple Kick
70%
___ Blast Fighting Focus Blast
67%
___ Punch Fighting Focus Punch
67%
___ Charge Normal Head Charge
67%
___ Smash Rock Head Smash
67%
___ Kick Fighting Jump Kick
67%
___ Storm Fire Magma Storm
67%
___ Wind Ghost Ominous Wind
67%
___ Power Normal Secret Power
67%
___ Down Rock Smack Down
67%
___ Kick Grass Trop Kick
67%
___ Whip Grass Vine Whip
67%
___ Slap Fighting Wake-Up Slap
67%
___ Guard Rock Wide Guard
67%
___ Power Rock Ancient Power
64%
___ Acid Grass Apple Acid
64%
___ Beam Ice Aurora Beam
64%
___ Throw Fighting Circle Throw
64%
___ Punch Normal Dizzy Punch
64%
___ Kiss Fairy Draining Kiss
64%
___ Out Normal Fake Out
64%
___ Press Fighting Flying Press
64%
___ Power Normal Hidden Power
64%
___ Bash Normal Skull Bash
64%
___ Beam Grass Solar Beam
64%
___ Blade(s) Grass Solar Blade
64%
___ Shield Grass Spiky Shield
64%
___ Flare Fire Blue Flare
61%
___ Hammer Water Crabhammer
61%
___ Charge Electric Discharge
61%
___ Hand(s) Normal Helping Hand
61%
___ Smash Normal Shell Smash
61%
___ Trap Fire Shell Trap
61%
___ Punch Dark Sucker Punch
61%
___ Song Fire Torch Song
61%
___ Beam Psychic Twin Beam
61%
___ Shock Poison Venoshock
61%
___ Charge Electric Wild Charge
61%
___ Room Psychic Wonder Room
61%
___ Blast Flying Aeroblast
58%
___ Claw(s) Normal Crush Claw
58%
___ Punch Fighting Dynamic Punch
58%
___ Ball Grass Energy Ball
58%
___ Shot Steel Mirror Shot
58%
___ Blast Fairy Moonblast
58%
___ Shot Dark Parting Shot
58%
___ Dance Normal Revelation Dance
58%
___ Beam Bug Signal Beam
58%
___ Dance Normal Swords Dance
58%
___ Dance Fighting Victory Dance
58%
___ Crash Water Wave Crash
58%
___ Up Normal Work Up
58%
___ Blade(s) Fire Bitter Blade
55%
___ Up Fighting Bulk Up
55%
___ Guard Grass Cotton Guard
55%
___ Spore Grass Cotton Spore
55%
___ Cannon Fairy Fleur Cannon
55%
___ Shield Steel King's Shield
55%
___ Beam Rock Meteor Beam
55%
___ Arm Grass Needle Arm
55%
___ Out Rock Rollout
55%
___ Wave(s) Electric Shock Wave
55%
___ Dance Normal Teeter Dance
55%
___ Up Dark Beat Up
52%
___ Torque Fire Blazing Torque
52%
___ Burst Normal Boomburst
52%
___ Up Fire Burn Up
52%
___ Punch Normal Comet Punch
52%
___ Hammer Steel Gigaton Hammer
52%
___ Punch Water Jet Punch
52%
___ Block Fighting Mat Block
52%
___ Flare Fire Max Flare
52%
___ Guard Normal Max Guard
52%
___ Strike(s) Normal Max Strike
52%
___ Pulse Water Origin Pulse
52%
___ Ball Fire Pyro Ball
52%
___ Song Normal Relic Song
52%
___ Throw Fighting Storm Throw
52%
___ Wave(s) Fighting Vacuum Wave
52%
___ Seed Grass Worry Seed
52%
___ Strike(s) Electric Bolt Strike
48%
___ Swap Psychic Heart Swap
48%
___ Kick Fighting Low Kick
48%
___ Wing Flying Oblivion Wing
48%
___ Dance Water Rain Dance
48%
___ Shot Fire Searing Shot
48%
___ Swap Psychic Speed Swap
48%
___ Slam Electric Supercell Slam
48%
___ Wave(s) Ground Thousand Waves
48%
___ Tackle Fairy Twinkle Tackle
48%
___ Roar Normal Uproar
48%
___ Throw Fighting Vital Throw
48%
___ Blast Flying Beak Blast
45%
___ Rush Ground Bone Rush
45%
___ Shield Fairy Crafty Shield
45%
___ Voice Fairy Disarming Voice
45%
___ Beam Normal Simple Beam
45%
___ Cannon Normal Spike Cannon
45%
___ Strike(s) Water Surging Strikes
45%
___ Cannon Fire Armor Cannon
42%
___ Bash Steel Behemoth Bash
42%
___ Blade(s) Steel Behemoth Blade
42%
___ Wing Psychic Esper Wing
42%
___ Force Psychic Expanding Force
42%
___ Attack Dark Feint Attack
42%
___ Punch Fighting Power-Up Punch
42%
___ Blade(s) Ground Precipice Blades
42%
___ Kick Fighting Rolling Kick
42%
___ Out Steel Spin Out
42%
___ Blast Normal Tera Blast
42%
___ Storm Rock Diamond Storm
39%
___ Claw(s) Poison Dire Claw
39%
___ Cannon Dragon Dynamax Cannon
39%
___ Swipe(s) Normal False Swipe
39%
___ Up Steel Gear Up
39%
___ Ball Steel Gyro Ball
39%
___ Storm Psychic Max Mindstorm
39%
___ Lock Fighting Octolock
39%
___ Rage Dragon Outrage
39%
___ Trap Bug Silk Trap
39%
___ Strike(s) Steel Smart Strike
39%
___ Pulse Normal Terrain Pulse
39%
___ Kick Fighting Axe Kick
36%
___ Storm Flying Bleakwind Storm
36%
___ Swipe(s) Dragon Breaking Swipe
36%
___ Power Psychic Cosmic Power
36%
___ Lock Dark Jaw Lock
36%
___ Beam Ghost Moongeist Beam
36%
___ Spin Poison Mortal Spin
36%
___ Power Psychic Mystical Power
36%
___ Charge Electric Parabolic Charge
36%
___ Bash Psychic Psyshield Bash
36%
___ Guard Normal Safeguard
36%
___ Storm Ground Sandsear Storm
36%
___ Shot Dragon Scale Shot
36%
___ Shot Water Snipe Shot
36%
___ Power Psychic Stored Power
36%
___ Strike(s) Steel Sunsteel Strike
36%
___ Torque Dark Wicked Torque
36%
___ Out Normal Wring Out
36%
___ Bash Steel Double Iron Bash
33%
___ Beam Dragon Eternabeam
33%
___ Attack Normal Horn Attack
33%
___ Up Ground Shore Up
33%
___ Storm Fairy Springtide Storm
33%
___ Wind Normal Whirlwind
33%
___ Shot Steel Anchor Shot
30%
___ Pulse Electric Eerie Impulse
30%
___ Storm Ice Max Hailstorm
30%
___ Torque Poison Noxious Torque
30%
___ Bomb Normal Population Bomb
30%
___ Up Normal Spit Up
30%
___ Rage Ground Tectonic Rage
30%
___ Hand(s) Fighting Upper Hand
30%
___ Ball Normal Weather Ball
30%
___ Storm Electric Wildbolt Storm
30%
___ Torque Fighting Combat Torque
27%
___ Voice Normal Echoed Voice
27%
___ Press Steel Hard Press
27%
___ Claw(s) Dark Hone Claws
27%
___ Fall Fairy Max Starfall
27%
___ Wind Dragon Max Wyrmwind
27%
___ Tail Normal Shed Tail
27%
___ Cutter Steel Tachyon Cutter
27%
___ Crash Steel Corkscrew Crash
24%
___ Beam Dragon Fickle Beam
24%
___ Fall Flying Floaty Fall
24%
___ Rush Dragon Glaive Rush
24%
___ Hand(s) Normal Hold Hands
24%
___ Out Dark Lash Out
24%
___ Attack Normal Multi-Attack
24%
___ Power Normal Nature Power
24%
___ Shot Rock Tar Shot
24%
___ Voice Fairy Alluring Voice
21%
___ Strike(s) Fighting G-Max Chi Strike
21%
___ Rush Ground Headlong Rush
21%
___ Crash Psychic Lumina Crash
21%
___ Dance Psychic Lunar Dance
21%
___ Up Dragon Order Up
21%
___ Trap Grass Snap Trap
21%
___ Strike(s) Flying Supersonic Skystrike
21%
___ Blast Normal Techno Blast
21%
___ Storm Normal Tera Starstorm
21%
___ Rage Flying G-Max Wind Rage
18%
___ Power Ground High Horsepower
18%
___ Out Bug Savage Spin-Out
18%
___ Arm Poison Shell Side Arm
18%
___ Blast Grass Chloroblast
12%
___ Rush Normal G-Max Gold Rush
12%
___ Seed Grass Sappy Seed
12%
___ Bomb Grass Syrup Bomb
12%
___ Up Normal Tidy Up
12%
___ Strike(s) Ghost Soul-Stealing 7-Star Strike
9%
___ Kick Fighting Thunderous Kick
9%
___ Burst Water G-Max Foam Burst
6%
___ Down Steel G-max Meltdown
6%
___ Flare Fire Temper Flare
6%
___ Smash Steel Searing Sunraze Smash
3%
No matching quizzes found
Score Distribution
Percent of People with Each Score
Percentile by Number Answered
Your Score History
You have not taken this quiz